000 00205 a2200097 4500
001 41307
100 _aGregory, C
245 _aThe Helicopter
260 _alondon
_bGeorge allen
_c
090 _c25491
_d25491
942 _aNUST-CAE
_cM
_c17215
999 _c276380
_d276380